| 000 | 00494nam a2200181Ia 4500 | ||
|---|---|---|---|
| 003 | GCL | ||
| 008 | 140319s9999 xx 000 0 eng d | ||
| 040 |
_aGCL / _cGCL |
||
| 082 | 0 | 4 |
_a300.72 _bB P |
| 100 | 1 | _aBABBIE, EARL | |
| 245 | 1 | 0 |
_aTHE PRACTICE OF SOCIAL RESEARCH / _cBABBIE, EARL |
| 260 |
_aنيويورك : _bWADSUARTH PUBBISINT COMPANY ، _c1989 |
||
| 300 |
_a501 P ؛ _c22 cm. |
||
| 650 | 0 | 4 | _aSOCIOLOGY |
| 650 | 0 | 4 | _aSOCIAL SCIENCE |
| 650 | 0 | 4 | _aSOCIAL RESEARCH |
| 942 |
_2ddc _cBK |
||
| 999 |
_c12748 _d12748 |
||